Loading...

Theory of heat radiation, tr by Morton Masivs eng /

Bibliografiske detaljer
Hovedforfatter: Planck, Max
Sprog:Undetermined
Udgivet: 1959.
Fag:
LEADER 00468nam a2200145Ia 4500
001 18562
008 170722s9999 xx 000 0 und d
100 |a Planck, Max 
245 |a Theory of heat radiation, tr by Morton Masivs eng / 
260 |c 1959. 
653 |a Heat Conduction 
653 |a Physics 
942 |c GEN 
999 |c 64329  |d 64329 
952 |0 0  |1 0  |4 0  |6 C_425_C_6_000000000000000_E4  |7 0  |8 LC1  |9 91444  |a LIB  |b LIB  |d 2013-03-25  |h LC1  |o C4:25, C 6 E4  |p 101394  |r 2017-08-12  |w 2017-08-12  |y GEN